00185nam a2200073Ia 4500008004100000100001900041245002300060260002800083170817s9999 xx 000 0 und d aMishra.Lavkush 0aBasics Of Tourisam bAgarwal Prakashan Agara